000 00760nam a22001815i 4500
001 163624
003 ES-MaACL
005 20230906212758.0
008 050715s1848 fr | |||||||| ||fre d
040 _aCAM
_bspa
_cCAM
100 1 _aRobertson, Theodore.
_9131889
245 1 0 _aNouveau cours pratique, analytique, théorique et synthétique de langue anglaise.
_nDeuxième partie /
_cpar T. Robertson.
260 _aParis :
_bA. Derache,
_c1848 (
_fImprimerie Bonaventure et Ducessois)
300 _a247, 30 p. ;
_c21 cm.
500 _aLas 30 p. son: "Clef des exercices de composition contenus dans la deuxième partie"
650 0 4 _aLengua inglesa-
_vMétodos.
_914282
852 _aES-MaACL
_jC-3786(2)
_z-- Enc. pasta española
_z.- Legado M. de La Fuente
999 _c163624
_d163624